000 00657nam a2200217Ii 4500
003 JO-AjNU
008 230605s9999||||xx |||||||||||||| ||und||
017 _a2005/20072
020 _a977-02-6835-6
040 _aJO-AjNU
_bara
_erda
_cJO-AjNU
041 _aara
050 1 4 _aHV 6431 2006
100 3 _aمجلع، جمال جرجس,
_eauthor
_97999
245 0 0 _aالمشاركة الشعيية لمواجهة الارهاب
264 3 1 _aالقاهرة: النسر الذهبي، 2006
300 _a86ص
336 _atext
_btxt
_2rdacontent
337 _aunmediated
_bn
_2rdamedia
338 _avolume
_bnc
_2rdacarrier
650 4 _aالارهاب
_98000
999 _aA563
_c4131
_d4131